| 000 | 01825cam a22004814i 4500 | ||
|---|---|---|---|
| 003 | PE-LiUPU | ||
| 005 | 20250904150840.0 | ||
| 008 | 1973s1973 sp a rb 000 0 spa d | ||
| 020 |
_a8422005456 _q(tomo 1) |
||
| 035 | _aPE-LiUPU37701 | ||
| 040 |
_aPE-LiUPU _bspa _cPE-LiUPU _erda |
||
| 082 | 0 | 4 |
_a230.2 _bB567h _223 |
| 100 |
_aBeumer, Johannes, _eautor. _96292 |
||
| 245 | 1 | 0 |
_aHistoria de los Dogmas : _bLa inspiración de la Sagrada Escritura / _cpor Johannes Beumer. |
| 264 | 1 |
_aMadrid : _bBiblioteca de Autores Cristianos, _c1973. |
|
| 300 |
_a78 páginas ; _c23 cm. |
||
| 336 |
_atext _2rdacontent |
||
| 337 |
_aunmediated _2rdamedia |
||
| 338 |
_avolume _2rdacarrier |
||
| 490 | 1 |
_aHistoria de los dogmas ; _vtomo I, cuaderno 3b |
|
| 504 | _aIncluye referencias bibliográficas. | ||
| 505 | 0 | _aLa doctrina bíblica sobre la inspiración de la Escritura -- Los Padres de la Iglesia -- La escolástica -- Los concilios antiguos (hasta el concilio de Trento inclusive) -- La teología moderna (Hasta mediado del Siglo XIX) -- El concilio Vaticano I -- La teología contemporánea (Desde mediados del siglo XIX) -- El concilio Vaticano II. | |
| 526 | _aSEG42 | ||
| 526 | _aSEG41 | ||
| 526 | _aSEG40 | ||
| 526 | _aSEG39 | ||
| 526 | _aP94 | ||
| 526 | _aP87 | ||
| 526 | _aP86 | ||
| 526 | _aP85 | ||
| 526 | _aP77 | ||
| 526 | _aP76 | ||
| 526 | _aP35 | ||
| 630 | 0 |
_aBiblia. _xHistoria Sagrada. _95994 |
|
| 700 |
_aCamacho, Ildefonso, _etraductor. _96293 |
||
| 700 |
_aSchmaus, Michael, _edirector. _96294 |
||
| 700 |
_aGrillmeier, Alois, _edirector. _96295 |
||
| 700 |
_aScheffczyk, Leo, _edirector. _96296 |
||
| 700 |
_aSeybold, Michael, _eeditor. _96298 |
||
| 830 | 0 |
_aHistoria de los dogmas ; _vt. 1, cuaderno 3b. |
|
| 942 |
_2ddc _cBK |
||
| 980 |
_818226 _gJaime Vilcazán Jefe de Análisis Documental |
||
| 999 |
_c38127 _d38127 |
||